000 00785nam a2200253 i 4500
001 C2-0326692
003 PPAK
005 20180728124511.0
008 140413s2012 enka|||| ||||| | eng d
020 _a9781856048217
040 _aPPAK
_beng
_cPPAK
_erda
082 0 4 _a025.042
_223
090 0 0 _a025.042
_bDIG
_dR
245 0 0 _aDigital libraries and information access :
_bresearch perspectives
264 1 _aLondon :
_bFacet Publishing ,
_c2012
300 _axvi, 235 pages :
_billustrations ;
_c23 cm
336 _2rdacontent
_atext
337 _2rdamedia
_aunmediated
338 _2rdacarrier
_avolume
500 _aIncludes bibliographical references and index.
650 1 0 _aDigital libraries.
700 1 _aChowdhury, G. G. ; Foo, Schubert,
_eeditor
942 _ddc
_cB
999 _c126341
_d126341